| 000 | nam a22 a 4500 | ||
|---|---|---|---|
| 999 |
_c1697 _d1697 |
||
| 005 | 20170511130030.0 | ||
| 008 | 170511b1982 xxu||||| |||| 00| 0 eng d | ||
| 020 | _a0044722286 | ||
| 020 | _a0844722278 | ||
| 040 | _aAKMAL | ||
| 082 | _a332.4/5 DRE | ||
| 090 |
_a332.4/5 _bDRE |
||
| 245 | 0 | 4 |
_aThe International monetary system _ba time of turbulence / _cedited by Jacob S. Dreyer, Gottfried Haberler, and Thomas D. Willett. |
| 260 |
_aWashington, D.C. _bAmerican Enterprise Institute for Public Policy Research _c1982. |
||
| 300 |
_a523 p. _bill _c23cm |
||
| 490 |
_aAEI symposia _v82E |
||
| 500 | _aProceedings of a conference sponsored by the American Enterprise Institute for Public Policy Research, and held Feb. 28-29, 1980, in Washington, D.C. | ||
| 504 | _aIncludes bibliographical references. | ||
| 650 |
_aInternational finance |v Congresses. _93492 |
||
| 650 |
_aForeign exchange rates |v Congresses. _93493 |
||
| 700 |
_aDreyer, Jacob S. _93494 |
||
| 700 |
_aHaberler, Gottfried _d1900-1995. _93495 |
||
| 700 |
_aWillett, Thomas D. _93496 |
||
| 710 |
_aAmerican Enterprise Institute for Public Policy Research. _93497 |
||
| 830 |
_aAEI symposia _93498 |
||
| 852 |
_aBritish Library _bDSC |
||
| 942 |
_2ddc _cBOOK |
||